[Event "Mondiale Lampo FIDE 2019"]
[Site "Mosca"]
[Date "30.12.2019"]
[Round "20.103"]
[White "Gukesh, D"]
[Black "Al Thebaiti, Ahmed M"]
[Result "1-0"]
[WhiteTitle "GM"]
[BlackTitle "CM"]
[WhiteElo "2547"]
[BlackElo "1976"]
[WhiteFideId "46616543"]
[BlackFideId "21502390"]
[EventDate "2019.12.29"]

1. a3 Nf6 2. c4 e5 3. Nc3 a5 4. e4 Bc5 5. g3 Nc6 6. Bg2 d6 7. h3 h6 8. d3 O-O 9.
Nge2 Ne8 10. Nd5 f5 11. exf5 Bxf5 12. Be3 Qd7 13. Qd2 Nd4 14. Bxd4 Bxd4 15. Nxd4
exd4 16. Nf4 Nf6 17. O-O-O Rab8 18. g4 Bh7 19. Rhe1 b5 20. Ne6 Rfe8 21. Nxd4
Rxe1 22. Rxe1 bxc4 23. dxc4 Qa4 24. Qc3 Nd7 25. Bc6 1-0

[Event "Mondiale Lampo FIDE 2019"]
[Site "Mosca"]
[Date "30.12.2019"]
[Round "21.1"]
[White "Yu, Yangyi"]
[Black "Carlsen, Magnus"]
[Result "1/2-1/2"]
[WhiteTitle "GM"]
[BlackTitle "GM"]
[WhiteElo "2738"]
[BlackElo "2872"]
[WhiteFideId "8603820"]
[BlackFideId "1503014"]
[EventDate "2019.12.29"]

1. e4 c5 2. Nf3 Nc6 3. d4 cxd4 4. Nxd4 Nf6 5. Nc3 e5 6. Ndb5 d6 7. Bg5 a6 8. Na3
b5 9. Nd5 Be7 10. Bxf6 Bxf6 11. c3 O-O 12. Nc2 Rb8 13. a3 Bg5 14. Ncb4 Bb7 15.
Be2 a5 16. Nxc6 Bxc6 17. O-O g6 18. Qd3 Bd7 19. Rad1 Be6 20. Bf3 Kg7 21. Rfe1
Qc8 22. h3 h5 23. Be2 Rb7 24. Qg3 Qd8 25. Qd3 Qc8 26. Qg3 Qd8 27. Qd3 1/2-1/2

[Event "Mondiale Lampo FIDE 2019"]
[Site "Mosca"]
[Date "30.12.2019"]
[Round "21.4"]
[White "Grischuk, Alexander"]
[Black "Andreikin, Dmitry"]
[Result "1/2-1/2"]
[WhiteTitle "GM"]
[BlackTitle "GM"]
[WhiteElo "2777"]
[BlackElo "2724"]
[WhiteFideId "4126025"]
[BlackFideId "4158814"]
[EventDate "2019.12.29"]

1. d4 Nf6 2. c4 e6 3. Nf3 a6 4. Nc3 d5 5. cxd5 exd5 6. Bg5 Be6 7. e3 Nbd7 8. Bd3
h6 9. Bf4 g5 10. Bg3 Nh5 11. Be5 Nhf6 12. Bg3 Nh5 13. Be5 Nhf6 1/2-1/2

[Event "Mondiale Lampo FIDE 2019"]
[Site "Mosca"]
[Date "30.12.2019"]
[Round "21.5"]
[White "Duda, Jan-Krzysztof"]
[Black "Fedoseev, Vladimir3"]
[Result "1/2-1/2"]
[WhiteTitle "GM"]
[BlackTitle "GM"]
[WhiteElo "2758"]
[BlackElo "2677"]
[WhiteFideId "1170546"]
[BlackFideId "24130737"]
[EventDate "2019.12.29"]

1. d4 Nf6 2. c4 e6 3. Nf3 d5 4. Nc3 c6 5. e3 Nbd7 6. Qc2 Bd6 7. b3 O-O 8. Bb2 e5
9. Be2 Qe7 10. h3 exd4 11. Nxd4 Nb6 1/2-1/2

[Event "Mondiale Lampo FIDE 2019"]
[Site "Mosca"]
[Date "30.12.2019"]
[Round "21.6"]
[White "Aronian, Levon"]
[Black "Artemiev, Vladislav"]
[Result "1/2-1/2"]
[WhiteTitle "GM"]
[BlackTitle "GM"]
[WhiteElo "2775"]
[BlackElo "2731"]
[WhiteFideId "13300474"]
[BlackFideId "24101605"]
[EventDate "2019.12.29"]

1. d4 d5 2. c4 c6 3. Nf3 Nf6 4. Nc3 a6 5. cxd5 cxd5 6. Bf4 Nc6 7. Rc1 Nh5 8. Bd2
Nf6 9. Bf4 Nh5 10. Bd2 Nf6 1/2-1/2

[Event "Mondiale Lampo FIDE 2019"]
[Site "Mosca"]
[Date "30.12.2019"]
[Round "21.8"]
[White "Svidler, Peter"]
[Black "Adly, Ahmed"]
[Result "1-0"]
[WhiteTitle "GM"]
[BlackTitle "GM"]
[WhiteElo "2723"]
[BlackElo "2607"]
[WhiteFideId "4102142"]
[BlackFideId "10601619"]
[EventDate "2019.12.29"]

1. e4 c6 2. d4 d5 3. e5 Bf5 4. Nd2 e6 5. Nb3 Nd7 6. Nf3 Ne7 7. Be2 h6 8. O-O g5
9. Bd2 Bg7 10. Bb4 a5 11. Ba3 b6 12. c3 O-O 13. Bd3 Re8 14. Ne1 Ng6 15. Bxf5
exf5 16. Qc2 f4 17. Nd3 Ndf8 18. Bd6 Qd7 19. Nd2 Nh4 20. g3 Nf5 21. Bxf8 Bxf8
22. Rae1 Qe6 23. Nf3 c5 24. Qd1 c4 25. Nc1 g4 26. Ne2 fxg3 27. Nf4 Qd7 28. Nd2
gxh2+ 29. Kxh2 Ng7 30. Rg1 h5 31. f3 f5 32. Nf1 Qd8 33. Ne3 Qg5 34. Nexd5 Rad8
35. Kg2 Kf7 36. Kf1 Ne6 37. Nxe6 Rxe6 38. Nc7 Rc6 39. Nb5 g3 40. Kg2 h4 41. Rh1
Rh6 42. f4 Qg4 43. Qxg4 fxg4 44. f5 Be7 45. Re4 Bg5 46. Rxg4 Rh5 47. Nd6+ Ke7
48. Ne4 Be3 49. f6+ Ke6 50. Rhxh4 1-0

[Event "Mondiale Lampo FIDE 2019"]
[Site "Mosca"]
[Date "30.12.2019"]
[Round "21.9"]
[White "Giri, Anish"]
[Black "Sarana, Alexey"]
[Result "1-0"]
[WhiteTitle "GM"]
[BlackTitle "GM"]
[WhiteElo "2769"]
[BlackElo "2663"]
[WhiteFideId "24116068"]
[BlackFideId "24133795"]
[EventDate "2019.12.29"]

1. c4 Nf6 2. Nf3 e6 3. g3 d5 4. Bg2 Be7 5. O-O O-O 6. d4 dxc4 7. Qc2 a6 8. a4
Bd7 9. Qxc4 Bc6 10. Bg5 Nbd7 11. Nc3 h6 12. Bxf6 Nxf6 13. b4 Qd6 14. b5 axb5 15.
axb5 Bd5 16. Nxd5 exd5 17. Qb3 c6 18. e3 Nd7 19. bxc6 bxc6 20. Rfd1 Rfb8 21. Qc2
Bf6 22. Rxa8 Rxa8 23. Rc1 Ra6 24. Bf1 Rb6 25. Bh3 g6 26. Bxd7 Qxd7 27. Kg2 Kg7
28. Ne1 h5 29. h3 Qe6 30. Nf3 Qe7 31. Qc5 Qxc5 32. Rxc5 Ra6 33. Rc2 Kf8 34. Rb2
Ke7 35. Rb7+ Ke6 36. g4 hxg4 37. hxg4 Be7 38. Rc7 Kd6 39. Rc8 Kd7 40. Rb8 Ke6
41. Rb7 f6 42. Nh4 g5 43. Nf5 Bf8 44. Rc7 Rb6 45. Kf3 Ra6 46. Rc8 Kf7 47. Rb8 c5
48. dxc5 Bxc5 49. Rd8 Ke6 50. Ng7+ Kf7 51. Rd7+ Kg8 52. Nf5 Bf8 53. Rxd5 Kf7 54.
Rd7+ Ke6 55. Rd8 Kf7 56. Rb8 Ra7 57. Rb6 Rc7 58. Ra6 Rb7 59. Ng3 Rc7 60. Ra2 Rb7
61. Nf5 Rc7 62. Nd4 Rb7 63. Ke4 Bc5 64. Nf5 Bf8 65. Kf3 Rc7 66. Ra4 Rb7 67. Ng3
Rc7 68. Ne4 Be7 69. Ra6 Rd7 70. Rc6 Ra7 71. Rc8 Rb7 72. Ng3 Ra7 73. Rh8 Kg7 74.
Rh1 Bf8 75. Nf5+ Kg8 76. Rd1 Kf7 77. Rd4 Rb7 78. Rc4 Ra7 79. Ke4 Rd7 80. f3 Ba3
81. Ra4 Bf8 82. Ra5 Rb7 83. Rd5 Rb4+ 84. Rd4 Rb7 85. Rc4 Rd7 86. Rc6 Rb7 87. Ra6
Rc7 88. Nd4 Re7+ 89. Kd3 Rd7 90. Rc6 Ra7 91. Nb5 Rd7+ 92. Ke2 Rb7 93. Nc3 Rd7
94. Ne4 Be7 95. Ra6 Rc7 96. Rb6 Ra7 97. Rb3 Ra2+ 98. Kd3 Ra7 99. Nc3 Rd7+ 100.
Ke4 Ra7 101. Nd5 Rd7 102. Rb6 Bd8 103. Rb8 Ke6 104. Rb5 Rd6 105. f4 gxf4 106.
exf4 Rd7 107. Rc5 Kd6 108. Rc4 Ke6 109. Rc6+ Kf7 110. Ra6 Kg7 111. Nb4 Kf7 112.
Nc6 Be7 113. Nd4 Rc7 114. Nc6 Bf8 115. Kf5 Rd7 116. Ra5 Kg7 117. Rb5 Kf7 118. g5
Rc7 119. g6+ Kg8 120. Nd4 Rc8 121. Ne6 Bh6 122. Kxf6 Re8 123. f5 Ra8 124. Rd5
Bc1 125. Rd8+ Rxd8 126. Nxd8 Kf8 127. Nc6 Bd2 128. Ne5 Bc3 129. Ke6 Kg7 130. f6+
Kh8 131. Kf7 1-0

[Event "Mondiale Lampo FIDE 2019"]
[Site "Mosca"]
[Date "30.12.2019"]
[Round "21.10"]
[White "Vidit, Santosh Gujrathi"]
[Black "Inarkiev, Ernesto"]
[Result "0-1"]
[WhiteTitle "GM"]
[BlackTitle "GM"]
[WhiteElo "2721"]
[BlackElo "2663"]
[WhiteFideId "5029465"]
[BlackFideId "4162722"]
[EventDate "2019.12.29"]

1. d4 d5 2. c4 dxc4 3. e3 Nf6 4. Bxc4 e6 5. Nf3 c5 6. O-O a6 7. a3 Nc6 8. dxc5
Bxc5 9. b4 Bd6 10. Bb2 O-O 11. Qe2 b5 12. Bd3 Bb7 13. Nbd2 Qe7 14. Rac1 Rfd8 15.
Nb3 Ng4 16. Be4 Nce5 17. Nxe5 Bxe5 18. Bxe5 Nxe5 19. Bxh7+ Kxh7 20. Qh5+ Kg8 21.
Qxe5 Rd5 22. Qc7 Rd7 23. Qc5 Qh4 24. f3 Rd3 25. Na5 Rc8 26. Qe5 Rxc1 27. Rxc1
Bd5 28. e4 Bc4 29. Qb2 Qf4 30. Nxc4 bxc4 31. Re1 Rd2 32. Qc3 Ra2 33. Qe3 Qd6 34.
h3 Qg3 0-1

[Event "Mondiale Lampo FIDE 2019"]
[Site "Mosca"]
[Date "30.12.2019"]
[Round "21.11"]
[White "Zubov, Alexander"]
[Black "Tomashevsky, Evgeny"]
[Result "1-0"]
[WhiteTitle "GM"]
[BlackTitle "GM"]
[WhiteElo "2601"]
[BlackElo "2705"]
[WhiteFideId "14109409"]
[BlackFideId "4147235"]
[EventDate "2019.12.29"]

1. d4 Nf6 2. Nf3 d5 3. c4 e6 4. Nc3 Be7 5. Bg5 h6 6. Bh4 dxc4 7. e3 c5 8. dxc5
Qxd1+ 9. Rxd1 Na6 10. c6 bxc6 11. Ne5 Nb4 12. Bxc4 Nd7 13. Bg3 Nxe5 14. Bxe5 f6
15. Bg3 Ba6 16. Bxa6 Nxa6 17. Ke2 Kf7 18. Rc1 e5 19. Na4 c5 20. f3 Rab8 21. Bf2
Nb4 22. a3 Nd5 23. Rhd1 Ke6 24. e4 Nf4+ 25. Kf1 Rhd8 26. Rxd8 Rxd8 27. Be3 Nd3
28. Rc2 f5 29. Ke2 fxe4 30. fxe4 Nf4+ 31. Bxf4 exf4 32. Nxc5+ Ke5 33. Nd3+ Kxe4
34. Rc4+ Rd4 35. Rxd4+ Kxd4 36. Nxf4 Kc4 37. Ne6 Bf6 38. b4 Kb3 39. Kd3 Kxa3 40.
Kc4 Be7 1-0

[Event "Mondiale Lampo FIDE 2019"]
[Site "Mosca"]
[Date "30.12.2019"]
[Round "21.12"]
[White "Matlakov, Maxim"]
[Black "Mamedyarov, Shakhriyar"]
[Result "1-0"]
[WhiteTitle "GM"]
[BlackTitle "GM"]
[WhiteElo "2699"]
[BlackElo "2772"]
[WhiteFideId "4168003"]
[BlackFideId "13401319"]
[EventDate "2019.12.29"]

1. d4 Nf6 2. c4 g6 3. Nc3 d5 4. cxd5 Nxd5 5. e4 Nxc3 6. bxc3 Bg7 7. Bc4 c5 8.
Ne2 O-O 9. O-O Nc6 10. Be3 Na5 11. Bd3 b6 12. e5 Bb7 13. h4 Rc8 14. h5 Re8 15.
h6 Bf8 16. e6 f5 17. Re1 Nc4 18. Bg5 Nb2 19. Qd2 Nxd3 20. Qxd3 cxd4 21. cxd4 Qd6
22. Nf4 Red8 23. Rad1 Qb4 24. d5 Rc4 25. a3 Qa4 26. g3 b5 27. Qe3 Re4 28. Qc5
Rc8 29. Qxc8 Bxc8 30. d6 Bxe6 31. dxe7 Bxe7 32. Bxe7 Kf7 33. Bc5 g5 34. Nd3 Kg6
35. Rc1 Bc4 36. Ne5+ Kxh6 37. Bf8+ Kh5 38. Rxe4 fxe4 39. g4+ Kh4 40. Kg2 1-0

[Event "Mondiale Lampo FIDE 2019"]
[Site "Mosca"]
[Date "30.12.2019"]
[Round "21.14"]
[White "Wojtaszek, Radoslaw"]
[Black "Morozevich, Alexander"]
[Result "1/2-1/2"]
[WhiteTitle "GM"]
[BlackTitle "GM"]
[WhiteElo "2725"]
[BlackElo "2659"]
[WhiteFideId "1118358"]
[BlackFideId "4116992"]
[EventDate "2019.12.29"]

1. d4 Nf6 2. c4 c5 3. d5 g6 4. Nc3 Bg7 5. e4 d6 6. Bd3 O-O 7. h3 e6 8. Nf3 exd5
9. exd5 Re8+ 10. Be3 Rxe3+ 11. fxe3 Qe7 12. e4 Nbd7 13. O-O Ne5 14. Nxe5 Qxe5
15. Qf3 Bd7 16. Rad1 Rf8 17. Qf4 Qe7 18. Be2 Ne8 19. Bg4 Be5 20. Qh6 Bxg4 21.
hxg4 Nf6 22. Qh4 Kg7 23. Rd3 h5 24. Rh3 Rh8 25. Rff3 Bd4+ 26. Kh1 Qe5 27. gxh5
Rxh5 28. Qg3 Rxh3+ 29. gxh3 Qh5 30. Kg2 Be5 31. Qf2 Qg5+ 32. Kf1 Qc1+ 33. Kg2
Qg5+ 34. Kf1 Qc1+ 35. Kg2 1/2-1/2

[Event "Mondiale Lampo FIDE 2019"]
[Site "Mosca"]
[Date "30.12.2019"]
[Round "21.15"]
[White "Cheparinov, Ivan"]
[Black "Zhigalko, Sergei"]
[Result "1/2-1/2"]
[WhiteTitle "GM"]
[BlackTitle "GM"]
[WhiteElo "2687"]
[BlackElo "2571"]
[WhiteFideId "2905540"]
[BlackFideId "13502956"]
[EventDate "2019.12.29"]

1. d4 Nf6 2. c4 e6 3. Nf3 b6 4. g3 Ba6 5. b3 Bb4+ 6. Bd2 Be7 7. Bg2 c6 8. Bc3 d5
9. Nbd2 Nbd7 10. Qc2 c5 11. dxc5 bxc5 12. Bb2 O-O 13. O-O Rc8 14. Rfe1 Qb6 15.
Rad1 Rfe8 16. cxd5 exd5 17. e4 c4 18. exd5 cxb3 19. Qxb3 Qa5 20. Ne5 Nxe5 21.
Rxe5 Bc5 22. Ne4 Nxe4 23. Bxe4 Rxe5 24. Bxe5 Re8 25. Bf3 h6 26. Bc3 Qc7 27. Re1
Rb8 28. Be5 Rxb3 29. Bxc7 Rxf3 30. Re8+ Kh7 31. d6 Rxf2 32. Re5 Rf1+ 33. Kg2
Rf2+ 34. Kg1 Rf1+ 35. Kg2 Rg1+ 36. Kf3 Bb7+ 37. Ke2 Rg2+ 38. Kd3 Bxd6 39. Bxd6
Rxa2 40. Re7 Bd5 41. h4 Be6 42. Bc5 a6 43. Ra7 Ra4 44. Be3 Kg6 45. Bf4 Kf5 46.
Rc7 Ra3+ 47. Ke2 Kg4 48. Rb7 a5 49. Rb8 Kf5 50. Rg8 Kf6 51. Be3 Ra2+ 52. Kf3
Bd5+ 53. Kg4 Be6+ 54. Kf3 Bd5+ 55. Kg4 Ra4+ 56. Kh3 Be6+ 57. Kg2 Bd5+ 58. Kh3 h5
59. Rd8 Be6+ 60. Kg2 Ra2+ 61. Kf1 a4 62. Bd4+ Kg6 63. Rg8 f6 64. Ra8 Bc4+ 65.
Kg1 Bb3 66. Bc5 Rc2 67. Bf8 Rc7 68. Bd6 Rd7 69. Bf8 Kf5 70. Rb8 Kg4 71. Kf2 Ra7
72. Ba3 Rc7 73. Bd6 Rc2+ 74. Ke3 Rc3+ 75. Kf2 Rc6 76. Bf4 Ra6 77. Bc1 Kf5 1/2-1/2

[Event "Mondiale Lampo FIDE 2019"]
[Site "Mosca"]
[Date "30.12.2019"]
[Round "21.16"]
[White "Karjakin, Sergey"]
[Black "Salem, A.R. Saleh"]
[Result "0-1"]
[WhiteTitle "GM"]
[BlackTitle "GM"]
[WhiteElo "2754"]
[BlackElo "2675"]
[WhiteFideId "14109603"]
[BlackFideId "9301348"]
[EventDate "2019.12.29"]

1. e4 c5 2. Nf3 d6 3. d4 cxd4 4. Nxd4 Nf6 5. Nc3 a6 6. Bd3 e6 7. f4 Be7 8. Qf3
Qc7 9. a4 b6 10. g4 Bb7 11. g5 Nfd7 12. h4 Nc6 13. Nxc6 Bxc6 14. Be3 O-O 15. h5
f5 16. Bc4 d5 17. exd5 Bb7 18. Bb3 Bd6 19. g6 h6 20. O-O-O e5 21. fxe5 Nxe5 22.
Qf1 b5 23. Bd4 Kh8 24. Rh3 b4 25. Ne2 f4 26. Bxe5 Bxe5 27. Nd4 Qd6 28. Ne6 Rf5
29. Kb1 Bf6 30. Ka2 Qe5 31. Rd4 Bc8 32. c3 bxc3 33. bxc3 Rb8 34. Rf3 Bxe6 35.
dxe6 Qc5 36. Rd7 Be7 37. Rxf4 Qa3+ 0-1

[Event "Mondiale Lampo FIDE 2019"]
[Site "Mosca"]
[Date "30.12.2019"]
[Round "21.17"]
[White "Nepomniachtchi, Ian"]
[Black "Grigoriants, Sergey"]
[Result "1-0"]
[WhiteTitle "GM"]
[BlackTitle "GM"]
[WhiteElo "2767"]
[BlackElo "2542"]
[WhiteFideId "4168119"]
[BlackFideId "4130804"]
[EventDate "2019.12.29"]

1. e4 e5 2. Nf3 Nc6 3. Bb5 a6 4. Ba4 Nf6 5. O-O b5 6. Bb3 Bc5 7. a4 Rb8 8. c3 d6
9. d4 Bb6 10. a5 Ba7 11. Be3 Bg4 12. dxe5 Bxf3 13. Qxf3 Nxe5 14. Qe2 Bxe3 15.
Qxe3 O-O 16. Nd2 Re8 17. Rfe1 c5 18. h3 c4 19. Bc2 Qc7 20. Nf3 Nxf3+ 21. Qxf3 b4
22. Red1 b3 23. Bb1 Rb5 24. Ra4 Rxa5 25. Rxa5 Qxa5 26. Qe2 d5 27. e5 g6 28. f4
Nh5 29. Qf2 Ng7 30. g4 Qb5 31. Qf3 Rd8 32. f5 Qc5+ 33. Kg2 a5 34. e6 gxf5 35.
exf7+ Kxf7 36. Bxf5 Kg8 37. Be4 a4 38. Bxd5+ Kh8 39. Rf1 Qd6 40. Bxc4 h6 41. Rf2
Qg6 42. Bd5 Qg5 43. Be4 Qc5 44. Qf6 Qd6 45. Qxd6 1-0

[Event "Mondiale Lampo FIDE 2019"]
[Site "Mosca"]
[Date "30.12.2019"]
[Round "21.18"]
[White "Chigaev, Maksim"]
[Black "Korobov, Anton"]
[Result "1-0"]
[WhiteTitle "GM"]
[BlackTitle "GM"]
[WhiteElo "2631"]
[BlackElo "2668"]
[WhiteFideId "4108116"]
[BlackFideId "14105730"]
[EventDate "2019.12.29"]

1. e4 c5 2. Nf3 d6 3. c3 Nf6 4. g3 Nc6 5. d3 g6 6. Bg2 Bg7 7. O-O O-O 8. Re1 e5
9. a4 h6 10. Na3 Be6 11. Nc4 Qd7 12. Nfd2 Rae8 13. a5 d5 14. exd5 Nxd5 15. Ne4
b6 16. axb6 axb6 17. Qa4 Rc8 18. Ned6 Ra8 19. Qxa8 Rxa8 20. Rxa8+ Kh7 21. Nb5
Ndb4 22. cxb4 Nxb4 23. Ncd6 Nxd3 24. Rd1 c4 25. Ra7 Qd8 26. Nxf7 Qf6 27. Rxd3
cxd3 28. Nfd6 Qf8 29. Ne4 Bc4 30. Nbc3 b5 31. Be3 b4 32. Nb1 Bd5 33. Nbd2 Kh8
34. h3 Qc8 35. Kh2 Qc2 36. b3 Bxb3 37. Ra8+ Kh7 38. Ra7 Kh8 39. Nxb3 Qxb3 40.
Nc5 Qc2 41. Be4 b3 42. Bxd3 Qc3 43. Bxg6 Bf8 44. Ra8 Kg7 45. Ne6+ Kxg6 46. Nxf8+
Kf5 47. Nd7 b2 48. Rf8+ Kg6 49. Rb8 Kf5 50. Rf8+ Kg6 51. Rb8 Qc2 52. Nxe5+ Kh7
53. Rb7+ Kg8 54. Ng4 b1=Q 55. Nxh6+ Kf8 56. Rxb1 Qxb1 57. g4 Kg7 58. Nf5+ Kf6 1-0

[Event "Mondiale Lampo FIDE 2019"]
[Site "Mosca"]
[Date "30.12.2019"]
[Round "21.19"]
[White "Nihal, Sarin"]
[Black "Harsha, Bharathakoti"]
[Result "0-1"]
[WhiteTitle "GM"]
[BlackTitle "GM"]
[WhiteElo "2612"]
[BlackElo "2523"]
[WhiteFideId "25092340"]
[BlackFideId "5078776"]
[EventDate "2019.12.29"]

1. Nf3 d5 2. e3 Nf6 3. c4 e6 4. b3 b6 5. Bb2 Bd6 6. Nc3 Bb7 7. Rc1 a6 8. cxd5
exd5 9. d4 Nbd7 10. g3 O-O 11. Bg2 Qe7 12. O-O Rfe8 13. Ne2 Ne4 14. Nf4 a5 15.
Qc2 f6 16. Nd2 Nf8 17. Rfe1 Ng6 18. Nxg6 hxg6 19. Nxe4 dxe4 20. h4 Bd5 21. Bf1
Qe6 22. Bc4 Kh7 23. Kg2 Qf5 24. Qe2 Re7 25. a4 Rh8 26. Rh1 Kg8 27. Bxd5+ Qxd5
28. Qc4 Qf7 29. Rhd1 Rh5 30. Qxf7+ Kxf7 31. Ra1 Rd5 32. Rdc1 Rh5 33. Ba3 Bxa3
34. Rxa3 Ke8 35. Ra2 Kd8 36. Rac2 Rd5 37. g4 g5 38. hxg5 Rxg5 39. Kh3 g6 40. Rc6
Rh7+ 41. Kg3 f5 42. Kf4 Rxg4+ 43. Ke5 Rg2 44. R1c2 Re7+ 45. Kf6 Rd7 46. Ke5 Re7+
47. Kf6 Rd7 48. d5 Rh7 49. d6 Rd7 50. dxc7+ Kc8 51. Rxb6 Rxc7 52. Rbc6 Rxc6+ 53.
Rxc6+ Kd7 54. Rc2 Kd6 55. Kf7 f4 56. Rd2+ Ke5 57. exf4+ Kxf4 58. Kf6 g5 59. Rd5
Rxf2 60. Rxg5 e3 61. Rxa5 Ke4+ 62. Ke6 e2 63. Re5+ Kd3 64. b4 Rf4 65. Kd5 Rd4+
66. Kc5 Re4 0-1

[Event "Mondiale Lampo FIDE 2019"]
[Site "Mosca"]
[Date "30.12.2019"]
[Round "21.20"]
[White "Fridman, Daniel"]
[Black "Iturrizaga Bonelli, Eduardo"]
[Result "1-0"]
[WhiteTitle "GM"]
[BlackTitle "GM"]
[WhiteElo "2616"]
[BlackElo "2597"]
[WhiteFideId "11600454"]
[BlackFideId "3901211"]
[EventDate "2019.12.29"]

1. d4 Nf6 2. Nf3 e6 3. c4 b6 4. g3 Bb7 5. Bg2 c5 6. d5 exd5 7. O-O d4 8. e3 d3
9. Nc3 Be7 10. Qxd3 O-O 11. Rd1 Nc6 12. e4 d6 13. Bf4 Nb4 14. Qe2 Re8 15. e5 Nh5
16. Be3 Qb8 17. g4 dxe5 18. gxh5 e4 19. Ng5 f5 20. Nh3 Bd6 21. Rxd6 Qxd6 22. Rd1
Qe7 23. h6 g6 24. Nd5 Nxd5 25. cxd5 Qe5 26. Bf4 Qf6 27. Qc4 Bc8 28. Ng5 Bd7 29.
Bf1 b5 30. Qxc5 Rec8 31. Qa3 a5 32. d6 a4 33. Qb4 Rab8 34. b3 Qc3 35. Qxc3 Rxc3
36. bxa4 bxa4 37. Rd4 Rb1 38. Kg2 Rb8 39. Bc4+ Rxc4 40. Rxc4 a3 41. Rc7 Rd8 42.
Be5 f4 43. Bf6 Rf8 44. Rxd7 Rxf6 45. Rg7+ 1-0

[Event "Mondiale Lampo FIDE 2019"]
[Site "Mosca"]
[Date "30.12.2019"]
[Round "21.21"]
[White "Jumabayev, Rinat"]
[Black "Dreev, Aleksey"]
[Result "0-1"]
[WhiteTitle "GM"]
[BlackTitle "GM"]
[WhiteElo "2646"]
[BlackElo "2677"]
[WhiteFideId "13702661"]
[BlackFideId "4100107"]
[EventDate "2019.12.29"]

1. Nf3 d5 2. g3 c6 3. Bg2 Bg4 4. c4 e6 5. h3 Bh5 6. d4 Nd7 7. Qb3 Qb6 8. Nc3
Ngf6 9. c5 Qc7 10. Bf4 Qc8 11. Rc1 Be7 12. O-O O-O 13. Qd1 b6 14. b4 a5 15. a3
b5 16. g4 Bg6 17. Nh4 Bd8 18. Bd6 Re8 19. Nxg6 hxg6 20. f4 Bc7 21. Bxc7 Qxc7 22.
Qb3 Nf8 23. e3 g5 24. Ne2 Ng6 25. fxg5 Nh7 26. Nf4 Nh4 27. g6 fxg6 28. Qd3 axb4
29. axb4 e5 30. dxe5 Qxe5 31. Nxg6 Nxg6 32. Qxg6 Re6 33. Qf7+ Kh8 34. Qf4 Qxe3+
35. Qxe3 Rxe3 36. Rce1 Rxe1 37. Rxe1 Kg8 38. Re6 Ra1+ 39. Kh2 Rb1 40. Rxc6 Nf6
41. g5 Ne4 42. g6 Kf8 43. Re6 Rxb4 44. c6 Rc4 45. Bf1 Rc5 46. Bd3 Nf6 47. Kg3
Rc3 48. Re3 b4 49. Kf4 Rxc6 50. Bf5 Rb6 51. Rb3 Ke7 52. Ke5 Rb5 53. Bd3 Rb6 54.
Bf5 Rb5 55. Bd3 Rb8 56. h4 Kd7 57. Bf5+ Kc6 58. Kd4 Kd6 59. Bd3 Rh8 60. Rxb4
Rxh4+ 61. Kc3 Rxb4 62. Kxb4 Ne4 63. Kb5 Nc3+ 64. Kb4 Ne4 65. Kb5 Ng5 66. Kb4 Ne6
67. Bf5 Ke5 68. Bb1 Nf4 69. Kc3 Ne6 70. Bc2 Nc5 71. Bb1 Ne4+ 72. Kd3 Nd6 73. Bc2
Nf5 74. Bb1 Ne7 75. Ke3 Nc6 76. Kd3 Nd8 77. Ke3 Ne6 78. Kd3 Nc5+ 79. Kc3 Ne4+
80. Kd3 Nd6 81. Ke3 Nb5 82. Kd3 Kf6 83. Ke3 Na3 84. Bd3 Ke5 85. Ba6 Nc4+ 86. Kd3
Nd6 87. Kc3 Nf5 88. Bd3 Kf6 89. Kb4 Kxg6 90. Kc5 d4 91. Kd5 Kg5 92. Ke5 g6 93.
Bb1 Kg4 94. Be4 0-1

[Event "Mondiale Lampo FIDE 2019"]
[Site "Mosca"]
[Date "30.12.2019"]
[Round "21.22"]
[White "Le, Quang Liem"]
[Black "Savchenko, Boris"]
[Result "1-0"]
[WhiteTitle "GM"]
[BlackTitle "GM"]
[WhiteElo "2713"]
[BlackElo "2577"]
[WhiteFideId "12401137"]
[BlackFideId "4147332"]
[EventDate "2019.12.29"]

1. e4 c5 2. Nf3 g6 3. c4 Nc6 4. d4 cxd4 5. Nxd4 d6 6. Nc3 Bg7 7. Be3 Qb6 8. Ndb5
Bxc3+ 9. Nxc3 Qxb2 10. Nd5 Kf8 11. Be2 Qe5 12. f3 h5 13. O-O h4 14. Qd2 b6 15.
f4 Qg7 16. e5 Be6 17. exd6 Rd8 18. dxe7+ Ngxe7 19. Rad1 Bxd5 20. Bf3 Nf5 21.
cxd5 Nxe3 22. Qxe3 Ne7 23. Qa3 Qf6 24. d6 Nf5 25. d7+ Qe7 26. Qxa7 Qc5+ 27. Rf2
Ke7 28. Qa4 Kf6 29. Qc6+ Qxc6 30. Bxc6 Ne7 31. Rb2 Nxc6 32. Rxb6 Ke7 33. Rxc6
Rxd7 34. Re1+ Kd8 35. a4 Rh5 36. Rc4 Rd2 37. Rce4 h3 38. Re8+ Kd7 39. R1e7+ Kc6
40. Re2 Rd1+ 41. Re1 Rd2 42. R8e2 Rd4 43. Re4 Rd2 44. R1e2 Rd1+ 45. Kf2 hxg2 46.
Kxg2 Rd3 47. Rc4+ Kb6 48. Rb2+ Ka5 49. Rc7 Ka6 50. Rxf7 Rdh3 51. Kg1 R3h4 52.
Rf6+ Ka7 53. Rg2 Ra5 54. Rgxg6 Rh7 55. h4 Rxa4 56. h5 Rb4 57. h6 Rbb7 58. Kg2
Rhd7 59. Kh3 Kb8 60. Rg8+ Ka7 61. Rfg6 Rd3+ 62. Kg4 1-0

[Event "Mondiale Lampo FIDE 2019"]
[Site "Mosca"]
[Date "30.12.2019"]
[Round "21.23"]
[White "Predke, Alexandr"]
[Black "Dubov, Daniil"]
[Result "1-0"]
[WhiteTitle "GM"]
[BlackTitle "GM"]
[WhiteElo "2676"]
[BlackElo "2690"]
[WhiteFideId "24107581"]
[BlackFideId "24126055"]
[EventDate "2019.12.29"]

1. e4 c5 2. Nc3 Nc6 3. Bb5 Nd4 4. Bd3 g6 5. Nf3 Bg7 6. Nxd4 cxd4 7. Ne2 d6 8. c3
dxc3 9. dxc3 Nf6 10. O-O O-O 11. h3 b6 12. Re1 Bb7 13. Nd4 Rc8 14. a4 a6 15. Qe2
e5 16. Nc2 d5 17. exd5 Qxd5 18. Ne3 Qe6 19. Bxa6 Bxa6 20. Qxa6 Rfd8 21. Qe2 Nh5
22. Ng4 Re8 23. a5 bxa5 24. Rxa5 e4 25. Ra6 Qe7 26. Bh6 f5 27. Bxg7 Kxg7 28. Ne3
Nf4 29. Qb5 Rb8 30. Qa4 Kg8 31. Ra7 Qe6 32. Rd1 Nd3 33. Qd4 Re7 34. Rxe7 Qxe7
35. Ra1 Rd8 36. Nd5 Qd6 37. Ra7 Ne5 38. c4 Rd7 39. Rxd7 Nxd7 40. b4 Qe6 41. c5
Kf7 42. b5 Ne5 43. c6 Nd3 44. c7 g5 45. Qc4 1-0

[Event "Mondiale Lampo FIDE 2019"]
[Site "Mosca"]
[Date "30.12.2019"]
[Round "21.24"]
[White "Ponkratov, Pavel"]
[Black "Adhiban, Baskaran"]
[Result "1-0"]
[WhiteTitle "GM"]
[BlackTitle "GM"]
[WhiteElo "2632"]
[BlackElo "2654"]
[WhiteFideId "4157800"]
[BlackFideId "5018471"]
[EventDate "2019.12.29"]

1. c4 e5 2. Nc3 Bb4 3. Nd5 a5 4. e3 d6 5. a3 Bc5 6. d4 Ba7 7. Nf3 Nd7 8. Nc3
Ngf6 9. g4 exd4 10. Nxd4 Nc5 11. h3 h5 12. g5 Nfe4 13. Nxe4 Nxe4 14. h4 Qe7 15.
Bg2 Bd7 16. O-O a4 17. Qf3 Nc5 18. Bd2 Bg4 19. Qf4 O-O 20. Bc3 Rae8 21. Nf5 Bxf5
22. Qxf5 Ne4 23. Bb4 Qe5 24. Qxe5 Rxe5 25. Rad1 Rfe8 26. Rd5 Bc5 27. Rxe5 Rxe5
28. Rd1 Kf8 29. Kf1 Ke8 30. Be1 c6 31. f3 Nxg5 32. f4 Rxe3 33. fxg5 Rb3 34. Bc3
Bxa3 35. Rd2 Bb4 36. Re2+ Kd7 37. Bxg7 Rd3 38. Bf6 d5 39. cxd5 cxd5 40. Re5 Rd1+
41. Kf2 Kc6 42. Re8 Rd2+ 43. Re2 Rd1 44. Bf3 Bc5+ 45. Kg2 Rg1+ 46. Kh2 Rf1 47.
Bxh5 Bd6+ 48. Kg2 Rf4 49. Bxf7 Rxh4 50. g6 Rg4+ 51. Kf1 Rf4+ 52. Rf2 Rxf2+ 53.
Kxf2 Bf8 54. Ke2 b5 55. Kd3 Kc5 56. Be7+ 1-0